00253nam a2200109Ia 4500008004100000041001200041082001100053100001400064245005300078260000600131650000600137221030s9999 xx 000 0 und d aEnglish a105.23 aP. Taylor 0aHow to Manage Budgets & Cash Flowscby P. Taylor c0 aB